000 00331nam a2200157Ia 4500
003 Ost
005 20260225132549.0
008 260225s9999||||xx |||||||||||||| ||und||
040 _cfsic
041 _afre
082 _a440
100 _aRahnd
_eAuteur
245 0 _aDocument la gangréne /
245 0 _cRahnd
942 _cكتاب
999 _c34052
_d34052